000
00349nam a2200157Ia 4500
008
210210b1909 xxu||||| |||| 00| 0 eng d
041
_a
eng
082
_a
444/93
100
_a
SOUVESTRE (E)
245
_a
Les bannis
260
_a
London
_b
Macmillan & Co. Ltd.
_c
1909
650
_a
Les
650
_a
bannis
690
_a
French
906
_a
006288
999
_c
129308
_d
129308